Towers inferno (Record no. 78928)
[ view plain ]
| 000 -LEADER | |
|---|---|
| fixed length control field | 01049cab a22001935a 4500 |
| 001 - CONTROL NUMBER | |
| control field | L138619 |
| 008 - FIXED-LENGTH DATA ELEMENTS--GENERAL INFORMATION | |
| fixed length control field | 070626e20070622xxkdo f 000 0 eng d |
| 035 ## - SYSTEM CONTROL NUMBER | |
| System control number | (Sirsi) u138619 |
| 041 0# - LANGUAGE CODE | |
| Language code of text/sound track or separate title | eng |
| 100 1# - MAIN ENTRY--PERSONAL NAME | |
| Personal name | Morrison, Doug |
| 245 00 - TITLE STATEMENT | |
| Title | Towers inferno |
| 260 ## - PUBLICATION, DISTRIBUTION, ETC. | |
| Date of publication, distribution, etc. | 2007 |
| 490 ## - SERIES STATEMENT | |
| Series statement | Property Week |
| Volume/sequential designation | 72(25) 22 June 2007, 76-78(3) |
| 520 ## - SUMMARY, ETC. | |
| Summary, etc. | Reports on the regional markets for city living skyscrapers. Iconic buildings can attract high profile developments to the area. 1 Gunwharf Quays, next to Portsmouth's Spinnaker Tower, is one example that has attracted encouraging interest before marketing begins in earnest. High-rise residential buildings are losing their association with poor planning. More regional centres are attracting such developments than has traditionally been the case. The sustainability of such buildings is still in question however, and developers must rise to the challenge. |
| 590 ## - LOCAL NOTE (RLIN) | |
| Local note | KA |
| 651 #4 - SUBJECT ADDED ENTRY--GEOGRAPHIC NAME | |
| Geographic name | United Kingdom |
| Chronological subdivision | |
| 690 ## - LOCAL SUBJECT ADDED ENTRY--TOPICAL TERM (OCLC, RLIN) | |
| Topical term or geographic name as entry element | PROPERTY-RESIDENTIAL PROPERTY-RESIDENTIAL PROPERTY DEVELOPMENT |
| 942 ## - ADDED ENTRY ELEMENTS (KOHA) | |
| Suppress in OPAC | 0 |
| Withdrawn status | Lost status | Source of classification or shelving scheme | Damaged status | Not for loan | Home library | Current library | Shelving location | Date acquired | Total Checkouts | Full call number | Barcode | Date last seen | Copy number | Price effective from | Koha item type |
|---|---|---|---|---|---|---|---|---|---|---|---|---|---|---|---|
| Dewey Decimal Classification | London | London | Journal article | 26/06/2007 | L138619 | 138619-1001 | 06/08/2019 | 1 | 06/08/2019 | Journal article |